[Event "Roncana op-B 11th"]
[Site "Santa Eulalia de Roncana"]
[Date "2017.10.21"]
[Round "4.4"]
[White "Diaz Doblas, Juan"]
[Black "Martinez Navaro, Josep M"]
[Result "0-1"]
[WhiteElo "1627"]
[BlackElo "1473"]
[PlyCount "77"]
[EventDate "2017.09.23"]
[EventType "swiss"]
[EventRounds "8"]
[EventCountry "ESP"]
[SourceTitle "EXT 2024"]
[Source "ChessBase"]
[SourceDate "2023.10.10"]
[SourceVersion "1"]
[SourceVersionDate "2023.10.10"]
[SourceQuality "1"]

1. e4 e5 2. f4 d6 3. Nf3 Bg4 4. Nc3 a6 5. Be2 Bxf3 6. Bxf3 exf4 7. d4 Qh4+ 8. Kf1 Nc6 9. Nd5 0-0-0 10. Bxf4 Nf6 11. Bg3 Qh6 12. Nxf6 Qxf6 13. c3 g5 14. Kg1 Qg6 15. Bg4+ Kb8 16. Bf5 Qf6 17. h4 Ne7 18. hxg5 Qxg5 19. Bh4 Qe3+ 20. Bf2 Qf4 21. Rxh7 Rxh7 22. Bxh7 Qh6 23. Bf5 Nxf5 24. exf5 Bg7 25. Bg3 Rh8 26. Kf2 Qg5 27. Qd3 Rh5 28. Re1 Qg4 29. Qe4 Rxf5+ 30. Kg1 Qxg3 31. Rf1 Rxf1+ 32. Kxf1 Bh6 33. Qe8+ Ka7 34. Qxf7 Qf4+ 35. Qxf4 Bxf4 36. Ke2 d5 37. g4 Bg5 38. Kd3 b5 39. a4 0-1

[Event "Vall del Tenes op 5th"]
[Site "Vall del Tenes"]
[Date "2016.06.03"]
[Round "7"]
[White "Garcia Cachinero, Jesus"]
[Black "Martinez Navaro, Josep M"]
[Result "0-1"]
[WhiteElo "1573"]
[BlackElo "1493"]
[PlyCount "72"]
[EventDate "2016.04.08"]
[EventType "swiss"]
[EventRounds "8"]
[EventCountry "ESP"]
[SourceTitle "CBM 172 Extra"]
[Source "ChessBase"]
[SourceDate "2016.06.21"]
[SourceVersion "1"]
[SourceVersionDate "2016.06.21"]
[SourceQuality "1"]

1. d4 d5 2. c4 e6 3. Nf3 Nc6 4. Bf4 Bd6 5. Bxd6 Qxd6 6. c5 Qe7 7. e3 a6 8. Nc3 Nf6 9. Qa4 Bd7 10. Qa3 0-0 11. b3 b5 12. Qc1 e5 13. h3 exd4 14. Ne2 dxe3 15. Qxe3 Ne4 16. Rd1 Nb4 17. Ned4 Qxc5 18. Rc1 Qd6 19. Be2 Nxa2 20. 0-0 Nxc1 21. Rxc1 c5 22. Nc2 Rfe8 23. Qd3 c4 24. bxc4 bxc4 25. Qd4 Qc5 26. Qxc5 Nxc5 27. Nfd4 Nb3 28. Rd1 a5 29. Bf3 Be6 30. Nxb3 cxb3 31. Nd4 a4 32. Rb1 Rec8 33. Nxe6 fxe6 34. Bg4 Kf7 35. Re1 Rc6 36. Be2 b2 0-1

[Event "Vall del Tenes op 5th"]
[Site "Vall del Tenes"]
[Date "2016.05.06"]
[Round "5"]
[White "Barea Serra, Josep"]
[Black "Martinez Navaro, Josep M"]
[Result "1/2-1/2"]
[WhiteElo "1912"]
[BlackElo "1493"]
[PlyCount "78"]
[EventDate "2016.04.08"]
[EventType "swiss"]
[EventRounds "8"]
[EventCountry "ESP"]
[SourceTitle "CBM 172 Extra"]
[Source "ChessBase"]
[SourceDate "2016.06.21"]
[SourceVersion "1"]
[SourceVersionDate "2016.06.21"]
[SourceQuality "1"]

1. Nf3 Nc6 2. d4 d5 3. c4 Bg4 4. cxd5 Qxd5 5. Nc3 Qd8 6. d5 Bxf3 7. exf3 Ne5 8. Bf4 Nd7 9. Nb5 Rc8 10. Nxa7 Ra8 11. Nb5 Rc8 12. Qa4 e5 13. dxe6 fxe6 14. Rd1 c6 15. Nd4 Ra8 16. Qb3 Qa5+ 17. Bd2 Qxa2 18. Qxe6+ Qxe6+ 19. Nxe6 Kf7 20. Nxf8 Nxf8 21. Bc4+ Ne6 22. 0-0 Nf6 23. Bc3 b5 24. Bb3 c5 25. Rd6 c4 26. Bc2 Rad8 27. Rfd1 Rxd6 28. Rxd6 Rd8 29. Rxd8 Nxd8 30. Kf1 Nc6 31. Be4 Nxe4 32. fxe4 g6 33. Ke2 b4 34. Bd2 Ke6 35. Ke3 g5 36. g3 h5 37. f4 g4 38. Bc1 Na5 39. Bd2 Nc6 1/2-1/2

[Event "Vall del Tenes op 5th"]
[Site "Vall del Tenes"]
[Date "2016.04.29"]
[Round "4"]
[White "Martinez Navaro, Josep M"]
[Black "Romano Cases, Jordi"]
[Result "1-0"]
[WhiteElo "1493"]
[BlackElo "1649"]
[PlyCount "58"]
[EventDate "2016.04.08"]
[EventType "swiss"]
[EventRounds "8"]
[EventCountry "ESP"]
[SourceTitle "CBM 172 Extra"]
[Source "ChessBase"]
[SourceDate "2016.06.21"]
[SourceVersion "1"]
[SourceVersionDate "2016.06.21"]
[SourceQuality "1"]

1. e4 e5 2. Nf3 Nc6 3. Bc4 Bc5 4. Nc3 Nf6 5. h3 0-0 6. d3 h6 7. a3 a6 8. Be3 Ba7 9. Qd2 d6 10. 0-0-0 b5 11. Ba2 Re8 12. g4 Be6 13. Bxe6 Rxe6 14. g5 Bxe3 15. Qxe3 Nh7 16. gxh6 Rxh6 17. Rdg1 Re6 18. h4 b4 19. axb4 Nxb4 20. Ng5 Nxg5 21. Rxg5 d5 22. Rhg1 g6 23. exd5 Nxd5 24. Nxd5 Qxd5 25. h5 Kg7 26. h6+ Kh7 27. f4 Qd4 28. Qf3 Rf8 29. f5 Qf4+ 1-0

[Event "Vall del Tenes op 5th"]
[Site "Vall del Tenes"]
[Date "2016.04.08"]
[Round "1"]
[White "Buldo Polls, Joan"]
[Black "Martinez Navaro, Josep M"]
[Result "1-0"]
[WhiteElo "2123"]
[BlackElo "1493"]
[PlyCount "67"]
[EventDate "2016.04.08"]
[EventType "swiss"]
[EventRounds "8"]
[EventCountry "ESP"]
[SourceTitle "CBM 172 Extra"]
[Source "ChessBase"]
[SourceDate "2016.06.21"]
[SourceVersion "1"]
[SourceVersionDate "2016.06.21"]
[SourceQuality "1"]

1. Nf3 Nc6 2. d4 d5 3. c4 e6 4. Nc3 Nf6 5. Bg5 Be7 6. e3 a6 7. Bd3 h6 8. Bh4 Nb4 9. Be2 0-0 10. a3 Nc6 11. 0-0 Na5 12. b3 Nd7 13. Bxe7 Qxe7 14. cxd5 c5 15. dxe6 Qxe6 16. b4 cxb4 17. axb4 Nc6 18. d5 Qf6 19. dxc6 bxc6 20. Qd4 Qe7 21. Rfd1 Rb8 22. Rab1 Nf6 23. Ne5 Qc7 24. Qd6 Qxd6 25. Rxd6 c5 26. bxc5 Rxb1+ 27. Nxb1 Ne4 28. Rc6 Bb7 29. Rc7 Rb8 30. Nd7 Rc8 31. Rxb7 Nxc5 32. Nxc5 Rxc5 33. Bxa6 f6 34. f3 1-0

[Event "Vall del Tenes op 3rd"]
[Site "Santa Eulalia de Roncana"]
[Date "2014.05.30"]
[Round "6"]
[White "Martinez Navaro, Josep M"]
[Black "Valls Matheu, Albert"]
[Result "1-0"]
[WhiteElo "1804"]
[BlackElo "1700"]
[PlyCount "73"]
[EventDate "2014.04.25"]
[EventType "swiss"]
[EventRounds "8"]
[EventCountry "ESP"]
[SourceTitle "CBM 160 Extra"]
[Source "ChessBase"]
[SourceDate "2014.07.01"]
[SourceVersion "1"]
[SourceVersionDate "2014.07.01"]
[SourceQuality "1"]

1. e4 e5 2. Nf3 Nc6 3. Bc4 Nf6 4. Ng5 d5 5. exd5 Nxd5 6. d3 Nf4 7. Bxf4 Be6 8. Bxe6 fxe6 9. Bd2 h6 10. Qh5+ Kd7 11. Nf3 Bd6 12. 0-0 Qe7 13. Nc3 a6 14. Qg4 Nb4 15. Rac1 Raf8 16. a3 Nc6 17. d4 exd4 18. Nxd4 Nxd4 19. Qxd4 e5 20. Qg4+ Ke8 21. Rfe1 Rf7 22. Nd5 Qd8 23. Bc3 h5 24. Qe6+ Be7 25. Qxe5 Kf8 26. Nxe7 Rxe7 27. Bb4 Kf7 28. Qxe7+ Kg6 29. Qe4+ Kf7 30. Rcd1 Qc8 31. Qe7+ Kg6 32. Rd7 Rg8 33. Bc3 b5 34. Re6+ Kh7 35. Bxg7 c5 36. Bc3+ Rg7 37. Qxg7# 1-0

[Event "Vall del Tenes op 3rd"]
[Site "Santa Eulalia de Roncana"]
[Date "2014.05.16"]
[Round "4"]
[White "Martinez Navaro, Josep M"]
[Black "Rodriguez Saez, Gerard"]
[Result "0-1"]
[WhiteElo "1804"]
[BlackElo "1961"]
[PlyCount "46"]
[EventDate "2014.04.25"]
[EventType "swiss"]
[EventRounds "8"]
[EventCountry "ESP"]
[SourceTitle "CBM 160 Extra"]
[Source "ChessBase"]
[SourceDate "2014.07.01"]
[SourceVersion "1"]
[SourceVersionDate "2014.07.01"]
[SourceQuality "1"]

1. e4 e5 2. Nf3 Nc6 3. Bc4 Nf6 4. 0-0 Be7 5. Nc3 d6 6. d4 Bg4 7. dxe5 dxe5 8. Bd5 Nxd5 9. Nxd5 Nd4 10. Be3 Nxf3+ 11. gxf3 Bh3 12. Qe2 Bxf1 13. Kxf1 c6 14. Nxe7 Qxe7 15. f4 0-0 16. f5 Qh4 17. Kg1 Qxe4 18. Qh5 g6 19. Qg5 Qxf5 20. Qh6 Qg4+ 21. Kh1 Rfd8 22. Bg5 f6 23. Bxf6 Qf3+ 0-1

[Event "Vall del Tenes op 2nd"]
[Site "Vall del Tenes"]
[Date "2013.04.19"]
[Round "3"]
[White "Lobo Bruguera, Xavier"]
[Black "Martinez Navaro, Josep M"]
[Result "1-0"]
[WhiteElo "1433"]
[BlackElo "1806"]
[PlyCount "67"]
[EventDate "2013.04.05"]
[EventType "swiss"]
[EventRounds "8"]
[EventCountry "ESP"]
[SourceTitle "EXT 2014"]
[Source "ChessBase"]
[SourceDate "2013.11.20"]
[SourceVersion "1"]
[SourceVersionDate "2013.11.20"]
[SourceQuality "1"]

1. d4 d5 2. e3 a6 3. c4 e6 4. Nc3 Nf6 5. Bd3 Nc6 6. a3 Be7 7. Nf3 0-0 8. 0-0 b6 9. Qc2 h6 10. Bd2 Qd6 11. b4 dxc4 12. Bxc4 b5 13. Bd3 e5 14. Ne4 Qd5 15. Nxf6+ Bxf6 16. Be4 Qd6 17. Qxc6 Rb8 18. Qxd6 cxd6 19. dxe5 dxe5 20. Bc3 Re8 21. Rfd1 Bg4 22. Rac1 g6 23. Rd6 Kg7 24. Rxa6 Rbc8 25. Rc6 Rxc6 26. Bxc6 Rc8 27. Bxe5 Bxf3 28. Bxf6+ Kxf6 29. gxf3 Ke7 30. Rc5 Kd6 31. Bxb5 Rxc5 32. bxc5+ Kxc5 33. Be8 f6 34. a4 1-0